LIBRARY ONLINE CATALOGUE

The book of Jeremiah / (Record no. 21690)

MARC details
000 -LEADER
fixed length control field 01155cam a2200349 i 4500
001 - CONTROL NUMBER
control field 3699290
003 - CONTROL NUMBER IDENTIFIER
control field OSt
005 - DATE AND TIME OF LATEST TRANSACTION
control field 20260616154132.0
008 - FIXED-LENGTH DATA ELEMENTS--GENERAL INFORMATION
fixed length control field 790620s1980 miub b 001 0 eng
010 ## - LIBRARY OF CONGRESS CONTROL NUMBER
LC control number 79016510
020 ## - INTERNATIONAL STANDARD BOOK NUMBER
International Standard Book Number 0802823696
020 ## - INTERNATIONAL STANDARD BOOK NUMBER
International Standard Book Number 9780802823694
035 ## - SYSTEM CONTROL NUMBER
System control number 3699290
040 ## - CATALOGING SOURCE
Original cataloging agency DLC
Transcribing agency DLC
Modifying agency DLC
050 00 - LIBRARY OF CONGRESS CALL NUMBER
Classification number BS1525.3
Item number .T47
082 00 - DEWEY DECIMAL CLASSIFICATION NUMBER
Classification number 224/.2/077
100 1# - MAIN ENTRY--PERSONAL NAME
Personal name Thompson, J. A.
Fuller form of name (John Arthur),
Dates associated with a name 1913-
245 14 - TITLE STATEMENT
Title The book of Jeremiah /
Statement of responsibility, etc. by J. A. Thompson.
260 ## - PUBLICATION, DISTRIBUTION, ETC. (IMPRINT)
Place of publication, distribution, etc. Grand Rapids :
Name of publisher, distributor, etc. Eerdmans,
Date of publication, distribution, etc. c1980.
300 ## - PHYSICAL DESCRIPTION
Extent xii, 819 p. :
Other physical details maps ;
Dimensions 22 cm.
336 ## - CONTENT TYPE
Content type term text
Content type code txt
Source rdacontent
337 ## - MEDIA TYPE
Media type term unmediated
Media type code n
Source rdamedia
338 ## - CARRIER TYPE
Carrier type term volume
Carrier type code nc
Source rdacarrier
490 1# - SERIES STATEMENT
Series statement The New international commentary on the Old Testament
504 ## - BIBLIOGRAPHY, ETC. NOTE
Bibliography, etc Includes bibliographical references and indexes.
583 ## - ACTION NOTE
Action Cataloguing:
Time/date of action 20260616
Action agent gtanuigtanui
630 00 - SUBJECT ADDED ENTRY--UNIFORM TITLE
Uniform title Bible.
Name of part/section of a work Jeremiah
General subdivision Commentaries.
830 #0 - SERIES ADDED ENTRY--UNIFORM TITLE
Uniform title New international commentary on the Old Testament.
906 ## - LOCAL DATA ELEMENT F, LDF (RLIN)
a 7
b cbc
c orignew
d 1
e ocip
f 19
g y-gencatlg
942 ## - ADDED ENTRY ELEMENTS (KOHA)
Source of classification or shelving scheme Library of Congress Classification
Koha item type General Collection
Holdings
Withdrawn status Lost status Source of classification or shelving scheme Not for loan Home library Current library Shelving location Date acquired Source of acquisition Inventory number Total Checkouts Full call number Barcode Date last seen Copy number Price effective from Koha item type
    Library of Congress Classification   Kabarak, Main Campus Kabarak, Main Campus General Stacks 16/06/2026 Donation 2026/3836   BS1525.3 .T47 1980 C.1 37985 16/06/2026 C.1 16/06/2026 General Collection